| 000 | 01106nam a22002777a 4500 | ||
|---|---|---|---|
| 999 |
_c4090 _d4090 |
||
| 005 | 20251008084625.0 | ||
| 008 | 250114b ||||| |||| 00| 0 eng d | ||
| 020 | _a9781839941740 | ||
| 040 | _cKH8 | ||
| 082 | _a823 PET | ||
| 100 |
_aPETTY,WILLIAM _eAUTHOR |
||
| 245 | _aTILLY PLANTS A TREE | ||
| 260 |
_a 14 Baden Place, Crosby Row, London SE1 1YW, United Kingdom _bNosy Crow Ltd, an imprint of Nosy Crow and The National Trust _c2022 |
||
| 300 |
_a16 pages _bcolor illustrations _c26 cm x 26 cm |
||
| 500 | _a"Produced in partnership with the National Trust"—Cover. | ||
| 520 | _aTilly loves visiting the community garden, especially when it's time to plant a tree. She learns about trees, seasons, and why caring for nature is important. | ||
| 521 | _aAges 3–6. | ||
| 650 |
_2Tree planting _aJuvenile fiction |
||
| 650 |
_2Gardening _aJuvenile fiction |
||
| 650 |
_2Environmental protection _aJuvenile fiction |
||
| 650 |
_2Community gardens _aJuvenile fiction |
||
| 655 | _aPicture books | ||
| 655 | _aChildren’s stories | ||
| 700 |
_aScheffler,Axel _eillustrator |
||
| 942 |
_2ddc _cFIC |
||